[Event "Qualifyer Villarobledo - Final"]
[Site "playchess.com #155699"]
[Date "2009.05.23"]
[Round "7"]
[White "Kendo"]
[Black "Mtv star"]
[Result "1-0"]
[WhiteElo "2781"]
[BlackElo "2353"]
[PlyCount "143"]
[EventDate "2009.05.23"]
[EventType "tourn (blitz)"]

1. e4 {[%emt 0:00:02]} e6 {[%emt 0:00:02]} 2. d4 {[%emt 0:00:06]} d5 {[%emt 0:
00:00]} 3. Nc3 {[%emt 0:00:07]} c6 {[%emt 0:00:01]} 4. e5 {[%emt 0:00:05]} f5 {
[%emt 0:00:02]} 5. exf6 {[%emt 0:00:16]} Nxf6 {[%emt 0:00:01]} 6. Nf3 {[%emt 0:
00:04]} Bd6 {[%emt 0:00:00]} 7. Bd3 {[%emt 0:00:04]} O-O {[%emt 0:00:04]} 8.
O-O {[%emt 0:00:02]} c5 {[%emt 0:00:05]} 9. dxc5 {[%emt 0:00:05]} Bxc5 {[%emt
0:00:01]} 10. Qe2 {[%emt 0:00:06]} Nc6 {[%emt 0:00:03]} 11. Bg5 {[%emt 0:00:09]
} h6 {[%emt 0:00:02]} 12. Bh4 {[%emt 0:00:02]} Nd4 {[%emt 0:00:05]} 13. Nxd4 {
[%emt 0:00:07]} Bxd4 {[%emt 0:00:00]} 14. Nd1 {[%emt 0:00:06]} Bb6 {[%emt 0:00:
06]} 15. Bg3 {[%emt 0:00:03]} Bc7 {[%emt 0:00:01]} 16. Bxc7 {[%emt 0:00:15]}
Qxc7 {[%emt 0:00:00]} 17. Re1 {[%emt 0:00:01]} Qb6 {[%emt 0:00:09]} 18. Qe3 {
[%emt 0:00:08]} Qd6 {[%emt 0:00:09]} 19. h3 {[%emt 0:00:04]} Bd7 {[%emt 0:00:
04]} 20. Qe5 {[%emt 0:00:04]} Qb6 {[%emt 0:00:03]} 21. c3 {[%emt 0:00:13]} Rae8
{[%emt 0:00:02]} 22. Qd4 {[%emt 0:00:15]} Qc7 {[%emt 0:00:11]} 23. Qe5 {[%emt
0:00:21]} Qb6 {[%emt 0:00:02]} 24. Re2 {[%emt 0:00:04]} Bc6 {[%emt 0:00:13]}
25. Ne3 {[%emt 0:00:15]} Nd7 {[%emt 0:00:02]} 26. Qg3 {[%emt 0:00:06]} Rf7 {
[%emt 0:00:29]} 27. Bg6 {[%emt 0:00:04]} Ref8 {[%emt 0:00:06]} 28. Bxf7+ {
[%emt 0:00:02]} Rxf7 {[%emt 0:00:00]} 29. Ng4 {[%emt 0:00:06]} Kh8 {[%emt 0:00:
09]} 30. Ne5 {[%emt 0:00:08]} Nxe5 {[%emt 0:00:03]} 31. Qxe5 {[%emt 0:00:00]}
Bb5 {[%emt 0:00:08]} 32. Qxe6 {[%emt 0:00:12]} Qc7 {[%emt 0:00:03]} 33. Re3 {
[%emt 0:00:04]} Bc4 {[%emt 0:00:05]} 34. b3 {[%emt 0:00:07]} Bb5 {[%emt 0:00:
02]} 35. Rae1 {[%emt 0:00:03]} Bc6 {[%emt 0:00:02]} 36. Qe5 {[%emt 0:00:01]}
Qd7 {[%emt 0:00:07]} 37. Qd4 {[%emt 0:00:02]} a6 {[%emt 0:00:04]} 38. a4 {
[%emt 0:00:03]} Qf5 {[%emt 0:00:03]} 39. Rf3 {[%emt 0:00:03]} Qg6 {[%emt 0:00:
01]} 40. Rxf7 {[%emt 0:00:01]} Qxf7 {[%emt 0:00:00]} 41. Qe5 {[%emt 0:00:01]}
Kh7 {[%emt 0:00:05]} 42. Re3 {[%emt 0:00:03]} Bd7 {[%emt 0:00:22] '} 43. Rf3 {
[%emt 0:00:03]} Qg8 {[%emt 0:00:15]} 44. Kh2 {[%emt 0:00:02]} d4 {[%emt 0:00:
17]} 45. Qxd4 {[%emt 0:00:03]} Bc6 {[%emt 0:00:04]} 46. Rg3 {[%emt 0:00:01]}
Qf7 {[%emt 0:00:02]} 47. c4 {[%emt 0:00:02]} Kh8 {[%emt 0:00:02]} 48. a5 {
[%emt 0:00:03]} Kh7 {[%emt 0:00:01]} 49. b4 {[%emt 0:00:01]} Kh8 {[%emt 0:00:
01]} 50. Qe5 {[%emt 0:00:03]} Kh7 {[%emt 0:00:10]} 51. b5 {[%emt 0:00:01]} axb5
{[%emt 0:00:00]} 52. cxb5 {[%emt 0:00:00]} Bd5 {[%emt 0:00:02]} 53. a6 {[%emt
0:00:02]} bxa6 {[%emt 0:00:02]} 54. bxa6 {[%emt 0:00:00]} Bc4 {[%emt 0:00:02]}
55. a7 {[%emt 0:00:04]} Bd5 {[%emt 0:00:06]} 56. Qb8 {[%emt 0:00:08]} Qg8 {
[%emt 0:00:15]} 57. Qxg8+ {[%emt 0:00:02]} Kxg8 {[%emt 0:00:00]} 58. Rc3 {
[%emt 0:00:01]} Kf7 {[%emt 0:00:02]} 59. Rc8 {[%emt 0:00:01]} Bb7 {[%emt 0:00:
01]} 60. a8=Q {[%emt 0:00:01]} Bxa8 {[%emt 0:00:01]} 61. Rxa8 {[%emt 0:00:00]}
Kg6 {[%emt 0:00:00]} 62. Ra6+ {[%emt 0:00:01]} Kg5 {[%emt 0:00:23]} 63. Kg3 {
[%emt 0:00:00]} Kh5 {[%emt 0:00:02]} 64. h4 {[%emt 0:00:03]} g5 {[%emt 0:00:02]
} 65. hxg5 {[%emt 0:00:01]} hxg5 {[%emt 0:00:00]} 66. f3 {[%emt 0:00:02]} g4 {
[%emt 0:00:01]} 67. fxg4+ {[%emt 0:00:00]} Kg5 {[%emt 0:00:00]} 68. Ra5+ {
[%emt 0:00:01]} Kg6 {[%emt 0:00:06]} 69. Kf4 {[%emt 0:00:00]} Kf6 {[%emt 0:00:
01]} 70. g5+ {[%emt 0:00:01]} Kg6 {[%emt 0:00:01]} 71. Ra6+ {[%emt 0:00:00]}
Kh5 {[%emt 0:00:01]} 72. Rh6# {[%emt 0:00:02]} 1-0

[Event "Qualifyer Villarobledo - Final"]
[Site "playchess.com #155699"]
[Date "2009.05.23"]
[Round "8"]
[White "-st!er-"]
[Black "Artur95"]
[Result "0-1"]
[WhiteElo "2782"]
[BlackElo "2418"]
[PlyCount "22"]
[EventDate "2009.05.23"]
[EventType "tourn (blitz)"]

1. d4 {[%emt 0:00:02]} d5 {[%emt 0:00:01]} 2. c4 {[%emt 0:00:01]} e6 {[%emt 0:
00:01]} 3. Nf3 {[%emt 0:00:01]} Nf6 {[%emt 0:00:01]} 4. Nc3 {[%emt 0:00:01]}
Nbd7 {[%emt 0:00:01]} 5. Bg5 {[%emt 0:00:01]} c6 {[%emt 0:00:01]} 6. e3 {[%emt
0:00:01]} Qa5 {[%emt 0:00:00]} 7. cxd5 {[%emt 0:00:01]} Nxd5 {[%emt 0:00:01]}
8. Qd2 {[%emt 0:00:01]} Nxc3 {[%emt 0:00:02]} 9. bxc3 {[%emt 0:00:01]} c5 {
[%emt 0:00:01]} 10. Bd3 {[%emt 0:00:02]} cxd4 {[%emt 0:00:01]} 11. cxd4 {[%emt
0:00:01]} Bb4 {[%emt 0:00:01] -st!er- resigns} 0-1

[Event "Qualifyer Villarobledo - Final"]
[Site "playchess.com #155699"]
[Date "2009.05.23"]
[Round "8"]
[White "Mtv star"]
[Black "Africanchamp"]
[Result "0-1"]
[WhiteElo "2350"]
[BlackElo "2780"]
[PlyCount "82"]
[EventDate "2009.05.23"]
[EventType "tourn (blitz)"]

1. d4 {[%emt 0:00:00]} Nf6 {[%emt 0:00:02]} 2. e3 {[%emt 0:00:00]} d6 {[%emt 0:
00:02]} 3. f4 {[%emt 0:00:00]} g6 {[%emt 0:00:01]} 4. Nf3 {[%emt 0:00:00] Mtv
star offers a draw} Bg7 {[%emt 0:00:01]} 5. Nbd2 {[%emt 0:00:01]} O-O {[%emt 0:
00:00]} 6. c3 {[%emt 0:00:00]} Nc6 {[%emt 0:00:01]} 7. Bc4 {[%emt 0:00:01]} e5
{[%emt 0:00:04]} 8. fxe5 {[%emt 0:00:00]} dxe5 {[%emt 0:00:01]} 9. O-O {[%emt
0:00:00]} Qe7 {[%emt 0:00:04]} 10. Nb3 {[%emt 0:00:02]} Bg4 {[%emt 0:00:08]}
11. h3 {[%emt 0:00:02]} Bf5 {[%emt 0:00:19]} 12. a4 {[%emt 0:00:17]} Rad8 {
[%emt 0:00:02]} 13. a5 {[%emt 0:00:06]} Ne4 {[%emt 0:00:03]} 14. Qe1 {[%emt 0:
00:09]} Nd6 {[%emt 0:00:06]} 15. Be2 {[%emt 0:00:12]} Be6 {[%emt 0:00:05]} 16.
Nc5 {[%emt 0:00:16]} Bc8 {[%emt 0:00:01]} 17. b3 {[%emt 0:00:10]} b6 {[%emt 0:
00:04]} 18. axb6 {[%emt 0:00:02]} cxb6 {[%emt 0:00:01]} 19. Na4 {[%emt 0:00:04]
} Rfe8 {[%emt 0:00:03]} 20. d5 {[%emt 0:00:17]} Na5 {[%emt 0:00:04]} 21. Rb1 {
[%emt 0:00:10]} Ne4 {[%emt 0:00:09]} 22. c4 {[%emt 0:00:07]} Nb7 {[%emt 0:00:
08]} 23. Nc3 {[%emt 0:00:07]} Nxc3 {[%emt 0:00:07]} 24. Qxc3 {[%emt 0:00:00]}
Bf5 {[%emt 0:00:01]} 25. Ra1 {[%emt 0:00:11]} Nc5 {[%emt 0:00:03]} 26. Ba3 {
[%emt 0:00:06]} Qc7 {[%emt 0:00:02]} 27. Bxc5 {[%emt 0:00:04]} bxc5 {[%emt 0:
00:06]} 28. Qa5 {[%emt 0:00:22]} Qb8 {[%emt 0:00:02]} 29. Nd2 {[%emt 0:00:02]}
e4 {[%emt 0:00:05]} 30. Qxc5 {[%emt 0:00:23]} Bxa1 {[%emt 0:00:06]} 31. Rxa1 {
[%emt 0:00:00]} Bxh3 {[%emt 0:00:04]} 32. gxh3 {[%emt 0:00:07]} Qg3+ {[%emt 0:
00:02]} 33. Kf1 {[%emt 0:00:14]} Rd6 {[%emt 0:00:02]} 34. Bg4 {[%emt 0:00:26]}
h5 {[%emt 0:00:08]} 35. Qb5 {[%emt 0:00:07]} Rf6+ {[%emt 0:00:06]} 36. Ke2 {
[%emt 0:00:01]} Rb8 {[%emt 0:00:11] '} 37. Qd7 {[%emt 0:00:04]} hxg4 {[%emt 0:
00:02]} 38. Qxg4 {[%emt 0:00:03]} Rf2+ {[%emt 0:00:03]} 39. Kd1 {[%emt 0:00:01]
} Qxe3 {[%emt 0:00:01]} 40. Ra2 {[%emt 0:00:04]} Qd3 {[%emt 0:00:07]} 41. Rc2 {
[%emt 0:00:02]} Rf1# {[%emt 0:00:02]} 0-1

[Event "Qualifyer Villarobledo - Final"]
[Site "playchess.com #155699"]
[Date "2009.05.23"]
[Round "8"]
[White "Necromant"]
[Black "Kendo"]
[Result "1/2-1/2"]
[WhiteElo "2628"]
[BlackElo "2783"]
[PlyCount "110"]
[EventDate "2009.05.23"]
[EventType "tourn (blitz)"]

1. e4 {[%emt 0:00:02]} e6 {[%emt 0:00:01]} 2. d4 {[%emt 0:00:01]} d5 {[%emt 0:
00:01]} 3. Nc3 {[%emt 0:00:00]} dxe4 {[%emt 0:00:01]} 4. Nxe4 {[%emt 0:00:01]}
Bd7 {[%emt 0:00:00]} 5. Nf3 {[%emt 0:00:02]} Bc6 {[%emt 0:00:01]} 6. Bd3 {
[%emt 0:00:01]} Bxe4 {[%emt 0:00:01]} 7. Bxe4 {[%emt 0:00:01]} c6 {[%emt 0:00:
01]} 8. O-O {[%emt 0:00:05]} Nf6 {[%emt 0:00:01]} 9. Bd3 {[%emt 0:00:01]} Nbd7
{[%emt 0:00:00]} 10. c4 {[%emt 0:00:04]} Be7 {[%emt 0:00:03]} 11. b3 {[%emt 0:
00:01]} O-O {[%emt 0:00:01]} 12. Bb2 {[%emt 0:00:02]} Re8 {[%emt 0:00:01]} 13.
Re1 {[%emt 0:00:02]} Qc7 {[%emt 0:00:01]} 14. Qe2 {[%emt 0:00:03]} Rad8 {[%emt
0:00:04]} 15. Rad1 {[%emt 0:00:01]} Bb4 {[%emt 0:00:03]} 16. Rf1 {[%emt 0:00:
03]} Bf8 {[%emt 0:00:03]} 17. Bb1 {[%emt 0:00:03]} g6 {[%emt 0:00:02]} 18. Rfe1
{[%emt 0:00:16]} Bg7 {[%emt 0:00:03]} 19. g3 {[%emt 0:00:08]} b6 {[%emt 0:00:
06]} 20. Ne5 {[%emt 0:00:09]} Nxe5 {[%emt 0:00:03]} 21. dxe5 {[%emt 0:00:01]}
Nd7 {[%emt 0:00:01]} 22. f4 {[%emt 0:00:01]} Bf8 {[%emt 0:00:13]} 23. h4 {
[%emt 0:00:02]} Bc5+ {[%emt 0:00:03]} 24. Kg2 {[%emt 0:00:01]} Nf8 {[%emt 0:00:
02]} 25. h5 {[%emt 0:00:03]} Rxd1 {[%emt 0:00:02]} 26. Rxd1 {[%emt 0:00:01]}
Rd8 {[%emt 0:00:13]} 27. Be4 {[%emt 0:00:09]} Rxd1 {[%emt 0:00:10]} 28. Qxd1 {
[%emt 0:00:01]} Be7 {[%emt 0:00:04]} 29. h6 {[%emt 0:00:04]} c5 {[%emt 0:00:08]
} 30. g4 {[%emt 0:00:06]} Qd7 {[%emt 0:00:04]} 31. Qxd7 {[%emt 0:00:09]} Nxd7 {
[%emt 0:00:00]} 32. Kf3 {[%emt 0:00:06]} Kf8 {[%emt 0:00:16]} 33. Bc6 {[%emt 0:
00:03]} Ke8 {[%emt 0:00:06]} 34. Bc1 {[%emt 0:00:14]} Kd8 {[%emt 0:00:06]} 35.
Ke4 {[%emt 0:00:16]} Nb8 {[%emt 0:00:49]} 36. Bb5 {[%emt 0:00:04]} Nd7 {[%emt
0:00:10]} 37. Be3 {[%emt 0:00:07]} Bh4 {[%emt 0:00:07]} 38. Bd2 {[%emt 0:00:16]
} Bf2 {[%emt 0:00:09]} 39. Ba6 {[%emt 0:00:10]} Kc7 {[%emt 0:00:15]} 40. a3 {
[%emt 0:00:04]} Nb8 {[%emt 0:00:19]} 41. Bb5 {[%emt 0:00:02]} Nd7 {[%emt 0:00:
03]} 42. b4 {[%emt 0:00:03]} Kd8 {[%emt 0:00:03]} 43. Bc6 {[%emt 0:00:06]} Nb8
{[%emt 0:00:09]} 44. Ba4 {[%emt 0:00:05]} Bg1 {[%emt 0:00:10]} 45. f5 {[%emt 0:
00:03]} Nd7 {[%emt 0:00:04]} 46. Bg5+ {[%emt 0:00:04]} Kc7 {[%emt 0:00:01]} 47.
Be7 {[%emt 0:00:04]} Bd4 {[%emt 0:00:02]} 48. Bd6+ {[%emt 0:00:02]} Kd8 {[%emt
0:00:02]} 49. fxe6 {[%emt 0:00:02]} fxe6 {[%emt 0:00:02]} 50. g5 {[%emt 0:00:
04]} Bf2 {[%emt 0:00:06]} 51. Bd1 {[%emt 0:00:03]} Ke8 {[%emt 0:00:07]} 52. Ba4
{[%emt 0:00:05] .} Kd8 {[%emt 0:00:01]} 53. Bd1 {[%emt 0:00:07]} Ke8 {[%emt 0:
00:01]} 54. Bg4 {[%emt 0:00:01]} Kf7 {[%emt 0:00:01]} 55. Bd1 {[%emt 0:00:07]}
Ke8 {[%emt 0:00:01]} 1/2-1/2

[Event "Qualifyer Villarobledo - Final"]
[Site "playchess.com #155699"]
[Date "2009.05.23"]
[Round "8"]
[White "Unicorn"]
[Black "Hauberk"]
[Result "1/2-1/2"]
[WhiteElo "2553"]
[BlackElo "2397"]
[PlyCount "114"]
[EventDate "2009.05.23"]
[EventType "tourn (blitz)"]

1. d4 {[%emt 0:00:02]} d5 {[%emt 0:00:01]} 2. c4 {[%emt 0:00:01]} c6 {[%emt 0:
00:01]} 3. Nf3 {[%emt 0:00:01]} Nf6 {[%emt 0:00:01]} 4. Nc3 {[%emt 0:00:01]}
dxc4 {[%emt 0:00:01]} 5. a4 {[%emt 0:00:01]} Bf5 {[%emt 0:00:01]} 6. e3 {[%emt
0:00:01]} e6 {[%emt 0:00:01]} 7. Bxc4 {[%emt 0:00:01]} Bb4 {[%emt 0:00:01]} 8.
O-O {[%emt 0:00:02]} O-O {[%emt 0:00:01]} 9. Qe2 {[%emt 0:00:01]} Nbd7 {[%emt
0:00:06]} 10. e4 {[%emt 0:00:01]} Bg4 {[%emt 0:00:01]} 11. e5 {[%emt 0:00:07]}
Nd5 {[%emt 0:00:01]} 12. Nxd5 {[%emt 0:00:02]} cxd5 {[%emt 0:00:01]} 13. Bd3 {
[%emt 0:00:01]} f6 {[%emt 0:00:12]} 14. exf6 {[%emt 0:00:22]} Qxf6 {[%emt 0:00:
01]} 15. Qe3 {[%emt 0:00:33]} Bxf3 {[%emt 0:00:04]} 16. Qxf3 {[%emt 0:00:00]}
Qxf3 {[%emt 0:00:15]} 17. gxf3 {[%emt 0:00:00]} Rxf3 {[%emt 0:00:01]} 18. Be2 {
[%emt 0:00:02]} Rf6 {[%emt 0:00:08]} 19. Be3 {[%emt 0:00:04]} Rc8 {[%emt 0:00:
33]} 20. Rac1 {[%emt 0:00:02]} Rff8 {[%emt 0:00:03]} 21. Bd3 {[%emt 0:00:51]}
h6 {[%emt 0:00:09]} 22. Rfd1 {[%emt 0:00:07]} Kf7 {[%emt 0:00:02]} 23. Kf1 {
[%emt 0:00:02]} Ke7 {[%emt 0:00:01]} 24. Ke2 {[%emt 0:00:01]} Nb6 {[%emt 0:00:
01]} 25. b3 {[%emt 0:00:02]} Rxc1 {[%emt 0:00:03]} 26. Rxc1 {[%emt 0:00:00]}
Rc8 {[%emt 0:00:01]} 27. Rg1 {[%emt 0:00:01]} Kf7 {[%emt 0:00:08]} 28. Bg6+ {
[%emt 0:00:11]} Kf6 {[%emt 0:00:07]} 29. Bf4 {[%emt 0:00:06]} Nd7 {[%emt 0:00:
09]} 30. Bd3 {[%emt 0:00:03]} g5 {[%emt 0:00:04]} 31. Be3 {[%emt 0:00:09]} e5 {
[%emt 0:00:01]} 32. dxe5+ {[%emt 0:00:07]} Nxe5 {[%emt 0:00:02]} 33. Bd4 {
[%emt 0:00:01]} Ke6 {[%emt 0:00:01]} 34. h4 {[%emt 0:00:21]} Nxd3 {[%emt 0:00:
03]} 35. Kxd3 {[%emt 0:00:00]} Kf5 {[%emt 0:00:04]} 36. hxg5 {[%emt 0:00:02]}
hxg5 {[%emt 0:00:01]} 37. Rh1 {[%emt 0:00:02]} b6 {[%emt 0:00:36]} 38. Rh7 {
[%emt 0:00:04]} Bc5 {[%emt 0:00:06]} 39. Rxa7 {[%emt 0:00:08]} Kg4 {[%emt 0:00:
02]} 40. Rf7 {[%emt 0:00:10]} Rc6 {[%emt 0:00:07] Hauberk offers a draw} 41.
Rd7 {[%emt 0:00:11]} Bd6 {[%emt 0:00:07]} 42. Rb7 {[%emt 0:00:07]} Bc5 {[%emt
0:00:02]} 43. Bxc5 {[%emt 0:00:01]} bxc5 {[%emt 0:00:01]} 44. a5 {[%emt 0:00:
01]} c4+ {[%emt 0:00:01]} 45. bxc4 {[%emt 0:00:02]} dxc4+ {[%emt 0:00:01]} 46.
Kc3 {[%emt 0:00:01]} Kf3 {[%emt 0:00:01]} 47. Rf7+ {[%emt 0:00:03]} Ke2 {[%emt
0:00:03]} 48. Rf5 {[%emt 0:00:02]} g4 {[%emt 0:00:01]} 49. Rf4 {[%emt 0:00:01]}
Rc5 {[%emt 0:00:26] '} 50. Kb4 {[%emt 0:00:07]} Rc8 {[%emt 0:00:10]} 51. Rxc4 {
[%emt 0:00:09]} Rxc4+ {[%emt 0:00:02]} 52. Kxc4 {[%emt 0:00:00]} Kxf2 {[%emt 0:
00:00]} 53. a6 {[%emt 0:00:00]} g3 {[%emt 0:00:00]} 54. a7 {[%emt 0:00:01]} g2
{[%emt 0:00:00]} 55. a8=Q {[%emt 0:00:00]} g1=Q {[%emt 0:00:00]} 56. Qa7+ {
[%emt 0:00:01]} Kf1 {[%emt 0:00:01]} 57. Qxg1+ {[%emt 0:00:00]} Kxg1 {[%emt 0:
00:01]} 1/2-1/2

[Event "Qualifyer Villarobledo - Final"]
[Site "playchess.com #155699"]
[Date "2009.05.23"]
[Round "8"]
[White "Us6"]
[Black "Novoselski"]
[Result "0-1"]
[WhiteElo "2629"]
[BlackElo "2574"]
[PlyCount "114"]
[EventDate "2009.05.23"]
[EventType "tourn (blitz)"]

1. Nf3 {[%emt 0:00:01]} e6 {[%emt 0:00:01]} 2. c4 {[%emt 0:00:01]} f5 {[%emt 0:
00:01]} 3. g3 {[%emt 0:00:02]} Nf6 {[%emt 0:00:01]} 4. Bg2 {[%emt 0:00:00]} Be7
{[%emt 0:00:01]} 5. O-O {[%emt 0:00:01]} O-O {[%emt 0:00:01]} 6. Nc3 {[%emt 0:
00:01]} d6 {[%emt 0:00:01]} 7. d4 {[%emt 0:00:02]} Ne4 {[%emt 0:00:01]} 8. Qc2
{[%emt 0:00:01]} Nxc3 {[%emt 0:00:01]} 9. Qxc3 {[%emt 0:00:01]} a5 {[%emt 0:00:
00]} 10. b3 {[%emt 0:00:05]} Nc6 {[%emt 0:00:01]} 11. Bb2 {[%emt 0:00:01]} Bf6
{[%emt 0:00:01]} 12. Rad1 {[%emt 0:00:04]} Qe8 {[%emt 0:00:01]} 13. Rfe1 {
[%emt 0:00:01]} e5 {[%emt 0:00:02]} 14. dxe5 {[%emt 0:00:27]} dxe5 {[%emt 0:00:
01]} 15. Qc2 {[%emt 0:00:11]} f4 {[%emt 0:00:08]} 16. Nd2 {[%emt 0:00:08]} Qh5
{[%emt 0:00:05]} 17. Ne4 {[%emt 0:00:03]} Be7 {[%emt 0:00:06]} 18. c5 {[%emt 0:
00:12]} Be6 {[%emt 0:00:05]} 19. Rd2 {[%emt 0:00:14]} Rae8 {[%emt 0:00:09]} 20.
e3 {[%emt 0:00:08]} f3 {[%emt 0:00:07]} 21. Bf1 {[%emt 0:00:01]} Kh8 {[%emt 0:
00:08]} 22. Kh1 {[%emt 0:00:36]} Bh3 {[%emt 0:00:06]} 23. Qc4 {[%emt 0:00:01]}
Rf5 {[%emt 0:00:40]} 24. a3 {[%emt 0:00:27]} Bxf1 {[%emt 0:00:12]} 25. Qxf1 {
[%emt 0:00:02]} Qg4 {[%emt 0:00:01]} 26. Nc3 {[%emt 0:00:16]} Rh5 {[%emt 0:00:
01]} 27. Nd5 {[%emt 0:00:07]} Bd8 {[%emt 0:00:07]} 28. Rc2 {[%emt 0:00:03]} e4
{[%emt 0:00:13]} 29. Nf4 {[%emt 0:00:04]} Rh6 {[%emt 0:00:09]} 30. Rd1 {[%emt
0:00:04]} Bg5 {[%emt 0:00:09]} 31. Rcd2 {[%emt 0:00:09]} Bxf4 {[%emt 0:00:03]}
32. exf4 {[%emt 0:00:01]} Qh5 {[%emt 0:00:10]} 33. Qg1 {[%emt 0:00:03]} Qxc5 {
[%emt 0:00:18]} 34. Rd7 {[%emt 0:00:03]} Rg8 {[%emt 0:00:06]} 35. Qe1 {[%emt 0:
00:06]} Qh5 {[%emt 0:00:10]} 36. h4 {[%emt 0:00:07]} Qf5 {[%emt 0:00:02]} 37.
Kh2 {[%emt 0:00:03]} Rg6 {[%emt 0:00:07]} 38. Qf1 {[%emt 0:00:02]} Rd6 {[%emt
0:00:11]} 39. R7xd6 {[%emt 0:00:01]} cxd6 {[%emt 0:00:00]} 40. Rxd6 {[%emt 0:
00:01]} Qc5 {[%emt 0:00:14]} 41. Rd7 {[%emt 0:00:03]} Qc2 {[%emt 0:00:01]} 42.
Be5 {[%emt 0:00:03]} e3 {[%emt 0:00:02]} 43. Qd1 {[%emt 0:00:06]} Qxf2+ {[%emt
0:00:02]} 44. Kh3 {[%emt 0:00:00]} h5 {[%emt 0:00:06]} 45. Bxg7+ {[%emt 0:00:
11]} Rxg7 {[%emt 0:00:02]} 46. Rd8+ {[%emt 0:00:00]} Nxd8 {[%emt 0:00:05]} 47.
Qxd8+ {[%emt 0:00:00]} Kh7 {[%emt 0:00:01]} 48. Qd3+ {[%emt 0:00:00]} Kh6 {
[%emt 0:00:03]} 49. Qd6+ {[%emt 0:00:02]} Kh7 {[%emt 0:00:04]} 50. Qd3+ {[%emt
0:00:01]} Kg8 {[%emt 0:00:03]} 51. Qd5+ {[%emt 0:00:03]} Rf7 {[%emt 0:00:01]}
52. Qd8+ {[%emt 0:00:03]} Kh7 {[%emt 0:00:01]} 53. Qd3+ {[%emt 0:00:01]} Kh8 {
[%emt 0:00:03]} 54. Qd8+ {[%emt 0:00:01]} Kh7 {[%emt 0:00:04]} 55. Qd3+ {[%emt
0:00:01]} Kg7 {[%emt 0:00:01]} 56. Qd4+ {[%emt 0:00:01]} Rf6 {[%emt 0:00:00]}
57. Qd7+ {[%emt 0:00:01]} Kh6 {[%emt 0:00:01] Us6 resigns} 0-1

[Event "Qualifyer Villarobledo - Final"]
[Site "playchess.com #155699"]
[Date "2009.05.23"]
[Round "9"]
[White "Africanchamp"]
[Black "Necromant"]
[Result "1-0"]
[WhiteElo "2783"]
[BlackElo "2636"]
[PlyCount "35"]
[EventDate "2009.05.23"]
[EventType "tourn (blitz)"]

1. e4 {[%emt 0:00:03]} c5 {[%emt 0:00:02]} 2. Nf3 {[%emt 0:00:01]} d6 {[%emt 0:
00:01]} 3. d4 {[%emt 0:00:01]} cxd4 {[%emt 0:00:01]} 4. Nxd4 {[%emt 0:00:01]}
Nf6 {[%emt 0:00:01]} 5. Nc3 {[%emt 0:00:01]} a6 {[%emt 0:00:01]} 6. f3 {[%emt
0:00:01]} e6 {[%emt 0:00:04]} 7. Be3 {[%emt 0:00:02]} b5 {[%emt 0:00:01]} 8. g4
{[%emt 0:00:01]} b4 {[%emt 0:00:04]} 9. Nce2 {[%emt 0:00:02]} h6 {[%emt 0:00:
01]} 10. Qd2 {[%emt 0:00:01]} Nbd7 {[%emt 0:00:02]} 11. O-O-O {[%emt 0:00:03]}
Qc7 {[%emt 0:00:06]} 12. h4 {[%emt 0:00:04]} d5 {[%emt 0:00:04]} 13. Bh3 {
[%emt 0:00:04]} dxe4 {[%emt 0:00:20]} 14. g5 {[%emt 0:00:02]} hxg5 {[%emt 0:00:
01]} 15. hxg5 {[%emt 0:00:02]} Nd5 {[%emt 0:00:03]} 16. g6 {[%emt 0:00:05]} Ne5
{[%emt 0:00:09]} 17. gxf7+ {[%emt 0:00:03]} Kxf7 {[%emt 0:00:46]} 18. Nxe6 {
[%emt 0:00:03] Necromant resigns} 1-0

[Event "Qualifyer Villarobledo - Final"]
[Site "playchess.com #155699"]
[Date "2009.05.23"]
[Round "9"]
[White "Artur95"]
[Black "Mtv star"]
[Result "0-1"]
[WhiteElo "2448"]
[BlackElo "2348"]
[PlyCount "52"]
[EventDate "2009.05.23"]
[EventType "tourn (blitz)"]

1. e4 {[%emt 0:00:02]} e6 {[%emt 0:00:01]} 2. d4 {[%emt 0:00:04]} d5 {[%emt 0:
00:00]} 3. Nd2 {[%emt 0:00:04]} f5 {[%emt 0:00:02]} 4. e5 {[%emt 0:00:25]} Nh6
{[%emt 0:00:02]} 5. c3 {[%emt 0:00:02]} Nf7 {[%emt 0:00:00]} 6. Bd3 {[%emt 0:
00:02]} c5 {[%emt 0:00:00]} 7. Ngf3 {[%emt 0:00:02]} Nc6 {[%emt 0:00:00]} 8.
O-O {[%emt 0:00:03]} c4 {[%emt 0:00:00]} 9. Bc2 {[%emt 0:00:01]} b5 {[%emt 0:
00:00]} 10. a4 {[%emt 0:00:01]} b4 {[%emt 0:00:01]} 11. Re1 {[%emt 0:00:10]} b3
{[%emt 0:00:02]} 12. Bb1 {[%emt 0:00:01]} g5 {[%emt 0:00:08]} 13. Nf1 {[%emt 0:
00:11]} g4 {[%emt 0:00:02]} 14. N3d2 {[%emt 0:00:01]} h5 {[%emt 0:00:01]} 15.
Ne3 {[%emt 0:00:12]} a5 {[%emt 0:00:07]} 16. Qe2 {[%emt 0:00:38]} Bh6 {[%emt 0:
00:07]} 17. Nxf5 {[%emt 0:00:17]} exf5 {[%emt 0:00:02]} 18. e6 {[%emt 0:00:01]}
Nd6 {[%emt 0:00:03]} 19. h3 {[%emt 0:00:08]} Qf6 {[%emt 0:00:14]} 20. hxg4 {
[%emt 0:00:21]} hxg4 {[%emt 0:00:01]} 21. f3 {[%emt 0:00:01]} g3 {[%emt 0:00:
05]} 22. Nf1 {[%emt 0:00:01]} Bxc1 {[%emt 0:00:13]} 23. Rxc1 {[%emt 0:00:00]}
Qh6 {[%emt 0:00:14]} 24. Nxg3 {[%emt 0:00:07]} Qxc1+ {[%emt 0:00:01]} 25. Kf2 {
[%emt 0:00:00]} Qg5 {[%emt 0:00:18]} 26. Nf1 {[%emt 0:00:43]} Rh6 {[%emt 0:00:
18] Âðåìÿ} 0-1

[Event "Qualifyer Villarobledo - Final"]
[Site "playchess.com #155699"]
[Date "2009.05.23"]
[Round "9"]
[White "Hauberk"]
[Black "Yang Guo"]
[Result "1-0"]
[WhiteElo "2405"]
[BlackElo "2802"]
[PlyCount "65"]
[EventDate "2009.05.23"]
[EventType "tourn (blitz)"]

1. e4 {[%emt 0:00:06]} e6 {[%emt 0:00:03]} 2. d4 {[%emt 0:00:01]} d5 {[%emt 0:
00:01]} 3. Nc3 {[%emt 0:00:00]} Bb4 {[%emt 0:00:05]} 4. e5 {[%emt 0:00:01]} c5
{[%emt 0:00:01]} 5. Bd2 {[%emt 0:00:00]} cxd4 {[%emt 0:00:05]} 6. Nb5 {[%emt 0:
00:01]} Bc5 {[%emt 0:00:00]} 7. Qg4 {[%emt 0:00:05]} Kf8 {[%emt 0:00:07]} 8.
Nxd4 {[%emt 0:00:16]} h5 {[%emt 0:00:02]} 9. Qf4 {[%emt 0:00:06]} g5 {[%emt 0:
00:01]} 10. Qe3 {[%emt 0:00:05]} Qb6 {[%emt 0:00:05]} 11. c3 {[%emt 0:00:36]}
Nc6 {[%emt 0:00:07]} 12. Ngf3 {[%emt 0:00:02]} g4 {[%emt 0:00:03]} 13. b4 {
[%emt 0:00:06]} Be7 {[%emt 0:00:16]} 14. Ng5 {[%emt 0:00:20]} Nh6 {[%emt 0:00:
14]} 15. Nxc6 {[%emt 0:00:32]} bxc6 {[%emt 0:00:03]} 16. Qf4 {[%emt 0:00:05]}
Nf5 {[%emt 0:00:06]} 17. Bd3 {[%emt 0:00:01]} a5 {[%emt 0:00:21]} 18. Bxf5 {
[%emt 0:00:06]} exf5 {[%emt 0:00:00]} 19. O-O {[%emt 0:00:00]} axb4 {[%emt 0:
00:07]} 20. cxb4 {[%emt 0:00:03]} Ra4 {[%emt 0:00:01]} 21. a3 {[%emt 0:00:02]}
Bd7 {[%emt 0:00:53]} 22. e6 {[%emt 0:00:07]} fxe6 {[%emt 0:00:08]} 23. Qe5 {
[%emt 0:00:03]} Rh6 {[%emt 0:00:02]} 24. Bc3 {[%emt 0:00:06]} Ke8 {[%emt 0:00:
31]} 25. Qg7 {[%emt 0:00:09]} Bxg5 {[%emt 0:00:16]} 26. Qxg5 {[%emt 0:00:01]}
Rh7 {[%emt 0:00:03]} 27. Qg8+ {[%emt 0:00:02]} Ke7 {[%emt 0:00:06]} 28. Qxh7+ {
[%emt 0:00:02]} Kd6 {[%emt 0:00:00]} 29. Qg7 {[%emt 0:00:01]} c5 {[%emt 0:00:
04]} 30. bxc5+ {[%emt 0:00:03]} Qxc5 {[%emt 0:00:00]} 31. Bb4 {[%emt 0:00:04]}
Rxb4 {[%emt 0:00:01]} 32. axb4 {[%emt 0:00:01]} Qxb4 {[%emt 0:00:00]} 33. Qf8+
{[%emt 0:00:01] Yang Guo resigns} 1-0